书目信息 |
| 题名: |
美国走马观花记
|
|
| 作者: | 张海涛 著 | |
| 分册: | ||
| 出版信息: | 上海 上海人民出版社 1980 |
|
| 页数: | 311页 | |
| 开本: | 19cm | |
| 丛书名: | ||
| 单 册: | ||
| 中图分类: | K259 , I25 | |
| 科图分类: | ||
| 主题词: | 游记--美国--现代--选集 , 报告文学--中国 , 传记文学--中国 | |
| 电子资源: | ||
| ISBN: | ||
| 000 | 00657nam0 2200253 450 | |
| 001 | 1561818340 | |
| 005 | 20150119171110.68 | |
| 010 | @dCNY0.62 | |
| 091 | @a11074.399 | |
| 100 | @a19971124d1980 em y0chiy0110 ea | |
| 101 | 0 | @achi |
| 102 | @aCN@b310000 | |
| 105 | @ay z 000yy | |
| 200 | 1 | @a美国走马观花记@9mei guo zou ma guan hua ji@f张海涛著 |
| 210 | @a上海@c上海人民出版社@d1980 | |
| 215 | @a311页@d19cm | |
| 606 | 0 | @a游记@y美国@z现代@x选集 |
| 606 | 0 | @a报告文学@x中国 |
| 606 | 0 | @a传记文学@x中国 |
| 690 | @aK259@v5 | |
| 690 | @aI25@v4 | |
| 701 | 0 | @a张海涛@9zhang hai tao@4著 |
| 801 | 0 | @aCN@bTSSF@c20150119 |
| 905 | @aZUCC@dI25@eJY228 | |
| 美国走马观花记/张海涛著.-上海:上海人民出版社,1980 |
| 311页;19cm |
| ISBN :CNY0.62 |
| ● |
| 相关链接 |
|
|
|
|
正题名:美国走马观花记
索取号:I25/JY228
 
预约/预借
| 序号 | 登录号 | 条形码 | 馆藏地/架位号 | 状态 | 备注 |
| 1 | 7847129 | 278471299 | 学院路分馆/ [索取号:I25/JY228] | 在馆 | |
| 2 | 7847130 | 278471306 | 学院路分馆/ [索取号:I25/JY228] | 在馆 | |
| 3 | 7847131 | 278471315 | 学院路分馆/ [索取号:I25/JY228] | 在馆 | |
| 4 | 7847132 | 278471324 | 学院路分馆/ [索取号:I25/JY228] | 在馆 |